La República / José Manuel Pabón y Manuel Fernández Galiano, traductor

সংরক্ষণ করুন:
গ্রন্থ-পঞ্জীর বিবরন
প্রধান লেখক: Platón
বিন্যাস: গ্রন্থ
ভাষা:Undetermined
প্রকাশিত: Madrid, España Centro de Estudios Constitucionales 1981
বিষয়গুলি:
ট্যাগগুলো: ট্যাগ যুক্ত করুন
কোনো ট্যাগ নেই, প্রথমজন হিসাবে ট্যাগ করুন!

MARC

LEADER 00000nam a2200000Ia 4500
008 170316s9999 xx 000 0 und d
090 |a 100 P-26r v.1 
100 |a Platón 
245 |a La República / José Manuel Pabón y Manuel Fernández Galiano, traductor 
260 |a Madrid, España 
260 |b Centro de Estudios Constitucionales 
260 |c 1981 
300 |a 104 páginas Tomo I 
650 |a FILOSOFÍA 
650 |a FILOSOFÍA CLÁSICA 
650 |a POLÍTICA 
650 |a EDICIÓN BILINGÜE 
999 |c 17341  |d 17341 
040 |a cru BVZT 
942 |c 15 D  |h 100 P-26r v.1  |2 z